[Event "Meesterklasse 2013/14"]
[Site "?"]
[Date "2014.01.05"]
[Round "4"]
[White "Sprenger, Jan"]
[Black "Sielecki, Christof"]
[Result "1-0"]
[Annotator "Sprenger"]
[BlackElo "2406"]
[EventDate "2014.??.??"]
[PlyCount "139"]
[WhiteElo "2488"]

{ Zoals vaak in de Spaanse opening werd het een zware en inhoudsrijke partij.
Opvallend is echter het verrassend grote aantal keuzemomenten. Vaak moest ik
met wit tussen twee verschillende structuren of types stellingen kiezen, tussen
speculatieve en solide voortzettingen, tussen technische en scherpe stellingen.
In zoverre er een objectief oordeel bestaat denk ik dat ik in deze kritieke
momenten meestal de correcte beslissing nam. Aan de andere kant vergen
dusdanige keuzes veel energie en beinvloeden ook het overige spel. Vooral in de
nerveuze slotfase deed ik veel onnauwkeurige zetten. Al in al blijft het echter
een duel op redelijk niveau met meerdere boiende momenten. } 1. e4 e5 2. Nf3
Nc6 3. Bb5 a6 4. Ba4 Nf6 5. O-O Be7 6. Re1 b5 7. Bb3 d6 8. c3 O-O 9. d4 Bg4 10.
Be3 exd4 11. cxd4 Na5 12. Bc2 Nc4 13. Bc1 c5 14. b3 Nb6 15. Nbd2 Nfd7 {
Diagramm #}  16. a4 { Ik moet vermelden dat ik voor a2-a4 al de  (  nuttige  ) 
zetten h3/Lh5 inlastte, maar deze invoerfout viel me pas na de analyse op.
Gelukkig maakt het weinig uit. Het plan is vrij logisch: zwart dreigt tegenspel
met Tc8 en c4, wit probeert dat te voorkomen door snel het paard op b6 aan te
vallen.}  ( 16. Bb2 Rc8 17. h3 Bh5 18. a4 c4 { gaf zwart voldoende tegenspel in
Sprenger-Vocaturo, Alghero 2011.}  )16... cxd4 { Evtl. moet zwart hier al na
verbeteringen zoeken, want de partijstelling is toch iets aangenamer voor wit.}
 17. axb5 { Na lang nadenken week ik van mijn oorspronkelijk idee a4-a5 af.}  (
17. a5 $6 { lijkt het paard op een slecht veld te dwingen, maar zwart heeft} 
17... d3 $1 { (  Michiel Bosman  )}  ( 17... Bf6 { is ook voldoende.}  18. Ra2
Nc8 19. h3 Bh5 20. g4 Bg6 21. Nf1 ( 21. Bb2 d3 22. Bxd3 Bxb2 23. Rxb2 Qxa5 )
21... Na7 22. Nxd4 Rc8 $132 )18. Bxd3 Nc5 19. Bc2 Nbd7 $132 )17... axb5 18.
Rxa8 Qxa8 19. h3 Bh5 { Deze zetten zijn dus al op zet 16 gedaan.. .}  20. g4
Bg6 21. Nxd4 d5 $5 { Diagramm # Het tweede keuzemoment. Slaan op b5/ d5 of het
positionele e4-e5?}  ( 21... Rc8 { is een serieus alternatief tot d6-d5, maar
in mijn optiek niet beter:}  22. f4 $1 ( { Het pakken van de pion is
gevaarlijk: } 22. Nxb5 d5 $1 23. Nd4 Qa1 24. Nf5 ( 24. exd5 Qxd4 25. Bxg6 Bh4
$1 ) 24... Bb4 $44 )22... h6 23. N2f3 $14 { houdt een plusje vast. Wit heeft
meer ruimte en twee zwarte stukken  (  Pb6, Lg6  )  doen vooralsnog niet mee.} 
)22. e5 $14 { Simpel en goed. De slechte stelling van het zwarte paard op b6 en
de betere structuur geven wit een klein, maar langdurig voordeel.}  ( 22. exd5
Nxd5 { geeft zwart i.v.m. het idee Pf4 voldoende tegenspel.}  ( 22... Qxd5 23.
Nf5 )( 22... Bb4 23. d6 $5 ))( 22. Nxb5 Rc8 $44 { zie boven.}  )22... Bxc2 23.
Qxc2 Rc8 24. Qb1 Bb4 $6 ( 24... Nc5 25. N2f3 Ne4 26. Be3 $14 )25. Re2 $6 ( 25.
e6 $1 fxe6 26. Rxe6 { Diagramm # Ons was allebei ontgaan dat wit in deze
stelling met het idee P2f3 en Pg5 een gevaarlijk initiatief ontwikkelt,
bijvoorbeeld}  26... Re8 ( 26... Qb7 27. N2f3 Nf8 ( 27... Nc5 28. Ng5 g6 29.
Nxh7 $1 Nxe6 30. Qxg6+ Kh8 31. Bb2 Bc3 32. Nf6 $18 ) 28. Re2 Ng6 29. Ng5 $36
)27. N2f3 Rxe6 28. Nxe6 Qe8 29. Nfg5 Qg6 30. Qxg6 hxg6 31. Be3 $16 )25... Nc5
26. Bb2 { Hier was het onmiddelijke P2f3 nauwkeuriger, want...}  26... Ne6 $1
$132 { ...valt het zwakke vekd f4 aan dat wit nauwelijks dekken kan.}  27. N2f3
{ Vooruit dan maar.}  ( 27. Nf1 Bc3 { kan het niet zijn.}  )27... Nf4 28. Re3
Nxh3+ { Diagramm # En weer een keuzemoment: pionoffer met aanvalskansen of een
"gewone" speelstelling?}  29. Kg2 ( 29. Kf1 $5 { was een zeer verleidelijk
pionoffer. Wit heeft geen concrete dreigingen maar al zijn stukken zijn op de
koningsvleugel gericht.}  29... Bc5 ( 29... Nf4 $6 30. Ng5 g6 ( 30... Ng6 31.
e6 fxe6 32. Nxh7 $1 $18 ) 31. Rf3 Bd2 32. e6 fxe6 33. Ngxe6 Nxe6 34. Nxe6 $40
)30. Qf5 g6 31. Qf6 Nd7 32. Qh4 Nf4 33. Ng5 h5 34. gxh5 Nxh5 ( 34... Bxd4 35.
Qxf4 )35. Nxf7 $1 $40 { zag er goed uit, maar niet goed genoeg om alle bruggen
achter mij te verbranden. Ik was met name bang dat zwart eerder kon afwijken.
Inderdaad geeft 32. ..Da2! zwart  (  meer dan  )  voldoende tegenspel. Vandaar
was mijn keuze waarschijnlijk juist, maar de vis wordt duur betaald, met de
helft van mijn verbleven 30 minuten bedenktijd.}  )29... Nf4+ 30. Kg3 Ng6 31.
Nxb5 Qb8 32. Qf5 d4 $5 { Zwart offert een pion om het paard op b6 weer terug in
de partij te brengen.}  33. Nbxd4 Nd5 34. Re2 Bc3 35. Rc2 Nde7 36. Qe4 Bxb2 37.
Rxb2 f6 38. Re2 Rc5 $6 { Diagramm # Hierna kan wit zijn toren activeren.}  (
38... fxe5 39. Nxe5 Rf8 $1 $44 { Zwart verhindert f2-f4 en wit heeft nauwelijks
een nuttige zet.}  )39. b4 { Mijn ex-teamgenoot, de grote Tilburgse
schakfilosoof Frans Konings, zei een keer s'avonds laat in de kroeg: "Jan, je
schaakt gebaseerd op logica, maar schaken bevat ook psychologie: misleiding,
intimidatie en bluff!" Toen ik me in deze stelling hieraan herinnerde, gooide
ik met weinig tijd op de klok a tempo 39. b4 op het bord, zonder verder naar de
gevolgen te kijken. Ik zag namelijk niet wat ik na 39. Ta2 Tc8 moest spelen en
dacht dat ik door een zetje in te lasten de 40e zet zou halen. Deze
doelstelling wordt dan ook behaald, maar...}  ( 39. Ra2 Rc8 40. Ra5 $1 $16 {
... was toch duidelijk beter geweest. In 't kort: ik liet me door mijn emoties
meeslepen en deed een inferieure zet.}  )39... Rc4 ( 39... Qxb4 40. exf6 $1
Qb8+ 41. Kg2 Nf4+ ( 41... gxf6)42. Kf1 Nxe2 43. Qe6+ $1 { was het idee achter
39. b4}  43... Kh8 44. fxg7+ Kxg7 45. Qxe7+ Kg8 46. Qxc5 $18 )40. Ra2 Rc8 {
Diagramm # Ondertussen begreep ik dat ik waarschijnlijk moest winnen als er
voor LSG nog iets in zou zitten. Jan-Willem  (  de Jong  )  : "Je pakt hem op
de Ausdauer!" Ik: "Maar hij heeft meer Sitzfleisch!" Hoe dan ook, wat kan wit
tegen het vervlakken van de stelling doen?}  41. Ne6 $1 { Deze zet kostte me
weer bijna een kwartier, maar deze tijd was goed geinvesteerd. Wit behoudt wat
initiatief en de dames op het bord.}  ( 41. b5 fxe5 42. Nc6 Qxb5 $11 )( 41. Ra6
Nxe5 42. Nxe5 Qxe5+ 43. Qxe5 fxe5 44. Ne6 Rb8 $11 )41... fxe5 $6 ( 41... Nxe5
42. Nxe5 Ng6 $5 ( 42... fxe5 $2 43. Ng5 g6 44. Ra5 $16 )( 42... Qxe5+ $2 43.
Qxe5 fxe5 44. Ra7 $16 { was het idee achter Pe6.}  )( 42... Nc6 $2 43. f4 fxe5
44. Ng5 exf4+ ( 44... g6 45. Qd5+ ) 45. Kh3 $18 )43. g5 ( 43. Qd5 $36)43...
Nxe5 44. f4 $36 { is kansrijk, maar ook niet zonder risico.}  )( 41... Nc6 $5
$14 { houdt de boel bij elkaar, wit moet dan op zijn verre vrijpion hopen.}
)42. Nc5 $1 $16 { Deze stelling is voor zwart dankzij de passieve stukken
moeilijk te spelen.}  42... Kh8 $2 { Verliest een pion.}  43. Nd7 Qd6 44. Ndxe5
Nc6 $2 { Daarmee gaat het van kwaad naar erger: wit bereikt nu een technisch
gewonnen stelling.}  45. Rc2 Qb8 { Voor de kerst gaf Predrag Nikolic aan LSG 1
een training omtrent afwikkelingen naar technische stellingen. Ga je hier voor
het dameeindspel  (  46. Tc6:  )  of liever voor de combinatie
dames/paarden/pluspion/initiatief  (  46. b5  )  ?}  46. Rxc6 $1 { Uiteraard.
Vanwege de slechte stelling van de zwarte koning en de verre vrijpion wint het
dameeindspel makkelijk.}  ( 46. b5 Nce7 47. Rxc8+ Nxc8 { ziet ook goed uit,
maar zwart heeft nog praktische kansen.}  )46... Rxc6 47. Qxc6 Nxe5 48. Nxe5
Qxe5+ 49. Kf3 { Diagramm #}  49... g6 ( 49... g5 50. Qc8+ Kg7 51. Qd7+ Kg8 (
51... Kf6 52. Qf5+ $1 )52. b5 Qf4+ 53. Ke2 Qe4+ 54. Kd2 $18 )50. b5 Qe1 $5 51.
Kg2 { Een goede zet; er is geen aanleiding om de opstelling van de dame te
veranderen.}  51... Qe2 ( 51... Qb4 52. Qf6+ Kg8 53. Qe6+ Kg7 54. b6 $18 )52.
Kg3 { Niet de meest handige zet. Het probleem was dat ik met nauwelijks tijd op
de klok tussen verschillende veelbelovende opstellingen van de dame  (  d4? f6?
b4? c6?  )  moest kiezen.}  ( 52. Qc3+ $1 Kg8 53. Qb4 { wint makkelijk. Ik zie
niets beters dan}  53... Qd3 54. b6 Qd5+ 55. f3 Qa2+ ( 55... Qb7 56. Qc4+ Kf8
57. Qc7 )56. Kg3 Qa1 { en nu}  57. b7 Qg1+ 58. Kf4 $18 { en de schaakjes zijn
op termijn op.}  )52... Qd3+ 53. f3 $6 { Dit maakt de witte taak iets
moeilijker omdat de witte koningstelling verzwakt wordt. g6-g5 met dreigingen
van eeuwig schaak wordt nu altijd een optie.}  ( 53. Qf3 $5 { had ik overwogen;
dit blijkt zeer sterk te zijn.}  53... Qd6+ 54. Qf4 Qc5 55. b6 $1 { (  deze
truc had ik gemist  )}  )53... Qf1 54. Qe8+ $6 { Een zenuwachtig schaakje om
tijd te winnen. Nu is de winst echter niet meer triviaal.}  ( 54. Kf4 $1 $18 {
met migratie naar de damenvleugel wint steeds nog op de autopiloot.} )54... Kg7
55. Qe7+ Kg8 56. Qe8+ Kg7 57. Qd7+ Kf6 58. Qd4+ { Diagramm #}  58... Kf7 $6 (
58... Ke6 { is veel taaier.}  59. b6 { is verleidelijk, maar waarschijnlijk
niet voldoende voor de winst:}  ( 59. Qe4+ $1 { Wit moet de dame weer na c6 of
d5 plaatsen en dan met de koning gaan lopen. Hopelijk had ik dat ook met twee
minuten op de klok beseft...}  59... Kf6 ( 59... Kd6 60. Qc6+ Ke5 ( 60... Ke7
61. b6 Qg1+ 62. Kf4 ) 61. Qc5+ Ke6 62. b6 ) 60. g5+ $1 Kf7 61. Qd5+ Ke7 62. Kf4
{ en wit zal ongetwijfeld winnen  (  de koning loopt langs de vierde rij na c5
of a5  )  maar de technische klus is ongeveer tien keer zo langdradig als na
52. Dc3+! of 53. Df3.}  )59... g5 $1 60. b7 Qe1+ 61. Kg2 Qe2+ 62. Qf2 Qb5 63.
Qe3+ Kd7 64. Qe4 Kc7 $1 65. Qxh7+ Kb8 66. Qe7 Qb2+ 67. Kg3 Qd2 { en ik zie het
niet meer zitten.}  )59. b6 { Nu is wit weer op pad.}  59... Qe1+ ( { Na }
59... g5 { wint het snelst}  60. b7 Qe1+ 61. Kg2 Qe2+ 62. Qf2 Qb5 63. Qc2 $1
)60. Kf4 h6 { Probeert het water te vertroebelen, maar...}  61. Qd5+ Kf6 (
61... Ke7 62. Qe5+ $18 )62. g5+ $1 hxg5+ 63. Qxg5+ Kf7 64. Qd5+ Kf6 65. Qd6+
Kf7 { Diagramm # De laatste beslissing in de partij staat aan. Kan wit met
b6-b7 de onmiddelijke winst forceren? Of gaat de vrijpion verloren, met remise
als uitkomst? Schaaktechnisch geen moeilijke vraag, maar met weinig tijd op de
klok moet je het nodige zelfvertrouwen in de eigen berekeningen hebben. Vandaar
lijkt het uitvoeren van b6-b7 een beetje op het nemen van een penalty: als ie
zit is er iedereen erg blij mee, maar als het misgaat wil je je het liefst in
een donker hokje verschuilen.}  66. b7 $1 { Naar verluidt ging de
adrenalinepegel van sommige teamgenoten hier behoorlijk omhoog, maar gelukkig
is het helemaal uit.}  66... g5+ ( 66... Qh4+ 67. Ke3 ( 67. Ke5 $4 Qg3+ 68. f4
Qe3+ 69. Kd5 Qf3+ $11 )67... Qe1+ 68. Kd4 Qf2+ 69. Kc4 $1 $18 { en de witte
koning loopt naar de pion toe.}  )( 66... Qc1+ 67. Kg4 Qg1+ 68. Qg3 $18 )67.
Kxg5 Qg1+ 68. Kh4 Qh1+ 69. Kg4 Qg1+ 70. Qg3 { Terwijl Sielecki tevergeefs een
redding zocht viel de hele spanning die zich tijdens de partij had opgebouwd
van me af. Dan de opgave. Enthousiaste felicitaties van mijn teamgenoten
terwijl het verzamelde LSG-publiek applaudeerde. Zou dit betekenen dat...?
Inderdaad: dankzij de taaie verdediging van Martin  (  Roobol  )  en Michiel  (
 Bosman  )  hadden we de wedstrijd zelfs nog gewonnen! Een van de mooiere
momenten van mijn schaakcarriere.}   1-0

[Event "ECC Ulcinj"]
[Site "?"]
[Date "2019.11.16"]
[Round "7"]
[White "Paravyan, David"]
[Black "Sprenger, Jan"]
[Result "1/2-1/2"]
[Annotator "Sprenger,Jan"]
[BlackElo "2492"]
[EventDate "2019.??.??"]
[PlyCount "49"]
[WhiteElo "2623"]

1. e4 c5 2. Nf3 e6 3. d4 cxd4 4. Nxd4 a6 5. a3 $5 { Nicht so dumm wie es
aussieht---insbesondere wenn der Gegner sich mit Scheveninger Strukturen nicht
auskennt.}  5... Nf6 6. Nc3 Qc7 $6 { Der natürliche Zug eines Paulsen-Spielers,
aber es gibt einen Haken...}  ( 6... d6 $5 { ist vielleicht am schlauesten, da
der Keres-Angriff}  7. g4 { mit}  7... d5 $1 { beantwortet wird. Allerdings
muss man hierfür Scheveninger Strukturen spielen wollen!}  )7. f4 d6 8. g4 $1 {
Diagram # Alles andere als ein schlechter Keres-Angriff! Für Gegenspiel mit
e6-e5 oder d6-d5 ist die schwarze Dame nun falsch postiert.}  8... Nc6 $6 { Zu
passiv gespielt. Die Stellungen nach 8. ...h6 oder 8. ...d5 sind womöglich
etwas schlechter, aber definitiv spielbar.}  ( 8... e5 $6 { verwarf ich wegen} 
9. Nf5 g6 10. fxe5 dxe5 11. Ne3 { und der Springer geht nach d5.}  )( 8... h6
9. g5 hxg5 10. fxg5 Nfd7 11. Be3 { schien mir aufgrund des weißen
Entwicklungsvorsprungs gefährlich für Schwarz, aber die Stellung ist recht
solide.}  )( 8... d5 $5)9. g5 Nd7 10. Bc4 $5 { Übergang zum Sosin-System! Es
droht nun in vielen Varianten Lxe6.}  10... Nc5 11. Ba2 Bd7 $6 12. Nf3 $6 {
Versucht die unglückliche Stellung der schwarzen Figuren auszunutzen  (  es
droht b2-b4  )  , aber objektiv besser war}  ( 12. Be3 $16 { und Schwarz hat
nach wie vor großen Raumnachteil.} )12... Na7 $1 { Viel besser als es aussieht.
Der Springer öffnet dem Kollegen auf c5 den Weg nach a4 und greift selbst via
b5 in den Kampf ein.}  13. Qe2 Nb5 14. Nd1 { Diagram # Nun droht c2-c4 mit
Zurückwerfen der schwarzen Figuren, aber es folgt...}  14... Nxe4 $5 { Paravyan
schaute ähnlich schockiert wie ich nach 8. g4! und dachte erst einmal lange
nach, so dass wir nun beide in Zeitnot drifteten.}  15. c4 ( 15. Qxe4 {
erzwingt den Übergang in ein Endspiel, wo Schwarz nach}  15... Bc6 16. Qd3 Bxf3
17. Qxf3 Nd4 18. Qc3 Qxc3+ 19. Nxc3 Nxc2+ 20. Kd2 Nxa1 21. Kd3 g6 22. Be3 Bg7
23. Rxa1 { nicht schlechter steht.}  )15... d5 $1 { Die Pointe: Schwarz bietet
ein Figurenopfer an.}  16. cxd5 $1 ( 16. cxb5 $2 Bxb5 17. Qg2 Bd6 $40 { ist
riesige Kompensation für Schwarz: Weiß ist unkoordiniert und kann vorest nicht
rochieren.}  )16... Nbd6 17. Nd4 exd5 18. Nc3 ( 18. Bxd5 $6 Qa5+ 19. Nc3 O-O-O
$1 { und nun scheitert}  20. Bxe4 $2 Nxe4 21. Qxe4 { an}  21... Re8 $19 )18...
Bc6 $6 ( 18... Be6 $1 { war genauer, da nun das Nehmen auf c3 droht und Sxd5
nach wie vor nicht funktioniert.} )( { Ich berechnete auch } 18... Bg4 $6 {
schätzte die Stellung aber nach}  19. Nxd5 Qa5+ 20. b4 Qxd5 21. Bxd5 Bxe2 22.
Nxe2 $14 { als günstig für Weiß ein.}  )19. O-O { Diagram #}  19... Be7 $2 {
Dieser natürliche Zug ist ein ernsthafter Fehler, nolens volens sollte ich lang
rochieren.}  20. Be3 $2 { Paravyan gibt das Kompliment zurück.}  ( 20. Nxd5 $1
Bxd5 21. Bxd5 { und auf das geplante}  21... Qc5 { folgt}  22. Bxb7 $1 Qxd4+
23. Be3 Qc4 24. Qxc4 Nxc4 25. Bxa8 Nxe3 26. Bxe4 $16 { mit einem soliden
Mehrbauern im Endspiel  (  noch besser ist 26. Tf3  )  .}  )20... Nxc3 21. bxc3
Bb5 $2 { Bereits im Schnellschachmodus angelangt hatte ich ein Bedürfnis nach
Klarheit in der Stellung, aber dieser Zug vergibt eine große Chance auf
Vorteil.}  ( { Hier hätte ich einfach mit } 21... O-O $1 { kurz rochieren
sollen; den Vormarsch des f-Bauern mit}  22. f5 Ne4 { (  oder Tfe8  )}  23. f6
Bc5 24. fxg7 Rfe8 $17 { fängt man leicht auf.}  )22. Nxb5 Nxb5 23. Rac1 O-O 24.
c4 $1 dxc4 25. Bxc4 $132 { Nun hat Weiß genug Kompensation für den Minusbauern.
Es entspann sich eine wüste Zeitnotschlacht mit wechselseitig abgelehnten
Remisangeboten, aber am Ende dieser Kaffehauspartie stand ein
leistungsgerechtes Remis  (  48  )  .}   1/2-1/2